Представление документа в формате RUSMARC

ПолеНазваниеЗначение
  Тип записи a
  Библиографический уровень m
001 Контрольный номер 43e0aa4518ae4bc1a6b01b87e74e6d95
005 Дата корректировки 20140610102750.7
010 Индекс ISBN __
a ISBN 5-282-02213-3
200 Заглавие и сведения об ответственности 1_
a Заглавие Всемирная торговая организация
f Первые сведения об ответственности Дюмулен Ипполит Ипполитович
210 Выходные данные 1_
a Место издания М.
c Издательство Экономика
d Дата издания 2003
215 Физическое описание __
a Объем 270 с.
610 Ключевые слова 0_
a Ключевые слова ВТО
610 Ключевые слова 0_
a Ключевые слова монография
610 Ключевые слова 0_
a Ключевые слова Всемирная торговая организация
610 Ключевые слова 0_
a Ключевые слова Россия и ВТО
610 Ключевые слова 0_
a Ключевые слова международная торговля
610 Ключевые слова 0_
a Ключевые слова внешнеэкономическая деятельность
686 Индексы других классификаций __
a Классификационный индекс 65.584.3
2 Код системы rubbk
700 Автор _1
a Фамилия Дюмулен Ипполит Ипполитович
801 Источник записи _0
a Страна RU
b Организация РУК
c Дата составления 20031002
g Правила каталогизации PSBO
801 Источник записи _1
a Страна RU
b Организация РУК
c Дата составления 20031002
g Правила каталогизации PSBO
852 Данные о местонахождении __
i Авторский знак Д96
j Шифр хранения ББК 65.5
901 Тип документа __
t Тип документа m
938 Служебная информация __
a Название организации Головной вуз
b Имя БД BOOK
c Название АИБС АИБС ИРБИС